000 00293nam a22001337a 4500
008 170224b xxu||||| |||| 00| 0 eng d
020 _a9780683301021
041 _aeng
080 _22 ED
_a617
100 _a5
101 _aSHK
245 _aSURIGAL RECALL
_cBLACKBOURNE.L.H
942 _2udc
_cBK
999 _c6218
_d6218